| 000 | 01004cam a2200253 4500 | ||
|---|---|---|---|
| 001 | ## | ||
| 008 | #DATE n2002 000 0 eng u | ||
| 020 | _a0862974771 | ||
| 035 | _a(Sirsi) u120483 | ||
| 041 | 0 | _aeng | |
| 050 | 0 | 4 | _a306.6 $2 18 |
| 100 | 1 | _aHellyer, Bob | |
| 245 | 0 | 0 |
_aStock condition surveys _ba guide for registered social landlords |
| 250 | _a2nd ed. | ||
| 260 |
_aLondon _bNational Housing Federation _c2002 |
||
| 300 |
_avi, 93p. _c30cm. |
||
| 350 | _a39.95 | ||
| 520 | _aA new edition of this guide aimed at board members, maintenance managers and senior staff members of housing associations which has been revised to take into account recent legislation, the decent homes standard, and the housing health and safety rating recommended by the Office of the Deputy Prime Minister. | ||
| 650 | 2 | 4 | _aDCLG DECENT HOMES STANDARD |
| 651 | 4 |
_aEngland _y886- |
|
| 690 | _aPROPERTY-RESIDENTIAL PROPERTY-RESIDENTIAL PROPERTY MANAGEMENT | ||
| 690 | _aSOCIAL HOUSING | ||
| 942 | _n0 | ||
| 999 |
_c102521 _d102521 |
||